000 00649nam a22002297a 4500
003 UA-OsUOA
001 129546
007 ta
008 20180306b un ||||| |||| 00| 0 ukr d
100 _aЛенчук О.
090 _a82-94
_bЛ46
942 _cBK
040 _aUA-OsUOA
_bukr
_cUA-OsUOA
_dUA-OsUOA
245 _aРоздуми про Древню Україну
_bпубліцистичні нариси
300 _a112 с.
955 _a2
041 _aukr
080 _a82-94
260 _aКременець
_bПапірус
_c2001
650 7 _a82 Література. Літературознавство
_2UDC
999 _c417375
_d417375